| 000 | 00649nam a2200229 a 4500 | ||
|---|---|---|---|
| 001 | 40668 | ||
| 003 | AR-BaAGN | ||
| 005 | 20231116150807.0 | ||
| 007 | ta | ||
| 008 | 220625s2004 xx |||||r|||| ||||||spa d | ||
| 020 | _a987-98469-1-5 | ||
| 040 |
_dAR-BaAGN _aAR-BaAGN _bspa _eaacr |
||
| 100 | 1 | _aPadorno, Manuel | |
| 245 | 1 | 0 | _aHomenaje medallístico a San Martín y Bolívar |
| 260 |
_a[Lugar de publicación no identificado] : _bInstituto Bonaerense de numismática y antiguedades, _c2004. |
||
| 300 | _a118 páginas | ||
| 336 |
_2rdacontent _btxt |
||
| 337 |
_2rdamedia _bn |
||
| 338 |
_2rdacarrier _bnc |
||
| 942 | _cLIBRO | ||
| 999 |
_c40668 _d40668 |
||